000 00379cam a22001217a 4500
008 180718b1979 xxu||||| |||| 00| 0 eng d
082 _aA81x54 In2/71/17/PT9A
100 _aCensus of India 1971
245 _aPunjab: administrative atlas
260 _aDelhi
_bThe Controller of Publications
_c1979
300 _a212+p.
440 _aCensus of India 1971. Series-17, Punjab. Part IX-A
999 _c485396
_d485396